Selangkah Menerokai GST 6% : (Record no. 55)
[ view plain ]
| 000 -LEADER | |
|---|---|
| fixed length control field | pam a22 a 4500 |
| 003 - CONTROL NUMBER IDENTIFIER | |
| control field | AKMAL |
| 005 - DATE AND TIME OF LATEST TRANSACTION | |
| control field | 20170413143700.0 |
| 008 - FIXED-LENGTH DATA ELEMENTS--GENERAL INFORMATION | |
| fixed length control field | t20142014my ao e 000 0|may d |
| 020 ## - INTERNATIONAL STANDARD BOOK NUMBER | |
| International Standard Book Number | 9789671218464 |
| Qualifying information | paperback |
| Terms of availability | RM40.00 |
| 040 ## - CATALOGING SOURCE | |
| Original cataloging agency | AKMAL |
| 090 00 - LOCALLY ASSIGNED LC-TYPE CALL NUMBER (OCLC); LOCAL CALL NUMBER (RLIN) | |
| Classification number (OCLC) (R) ; Classification number, CALL (RLIN) (NR) | 336.271409595 |
| Folio | CHO |
| 100 1# - MAIN ENTRY--PERSONAL NAME | |
| Personal name | Choong, Kwai Fatt, |
| Titles and words associated with a name | Dr., |
| Dates associated with a name | 1965-, |
| Relator term | author. |
| 9 (RLIN) | 192 |
| 245 10 - TITLE STATEMENT | |
| Title | Selangkah Menerokai GST 6% : |
| Remainder of title | padat and mudah "paham" je ! / |
| Statement of responsibility, etc. | Dr Choong Kwai Fatt |
| 264 #1 - PRODUCTION, PUBLICATION, DISTRIBUTION, MANUFACTURE, AND COPYRIGHT NOTICE | |
| Place of production, publication, distribution, manufacture | Kuala Lumpur : |
| Name of producer, publisher, distributor, manufacturer | Peng You Solutions, |
| Date of production, publication, distribution, manufacture, or copyright notice | 2014 |
| 264 #4 - PRODUCTION, PUBLICATION, DISTRIBUTION, MANUFACTURE, AND COPYRIGHT NOTICE | |
| Date of production, publication, distribution, manufacture, or copyright notice | ©2014 |
| 300 ## - PHYSICAL DESCRIPTION | |
| Extent | 202 pages : |
| Other physical details | colour illustrations, colour photographs ; |
| Dimensions | 21 cm |
| 650 10 - SUBJECT ADDED ENTRY--TOPICAL TERM | |
| Topical term or geographic name entry element | Value-added tax |
| Geographic subdivision | Malaysia |
| 9 (RLIN) | 180 |
| 650 20 - SUBJECT ADDED ENTRY--TOPICAL TERM | |
| Topical term or geographic name entry element | Taxation |
| Geographic subdivision | Malaysia |
| 9 (RLIN) | 179 |
| 650 20 - SUBJECT ADDED ENTRY--TOPICAL TERM | |
| Topical term or geographic name entry element | Sales tax |
| Geographic subdivision | Malaysia |
| 9 (RLIN) | 178 |
| 942 ## - ADDED ENTRY ELEMENTS (KOHA) | |
| Source of classification or shelving scheme | |
| Koha item type | Book |
| Withdrawn status | Lost status | Source of classification or shelving scheme | Damaged status | Not for loan | Collection code | Home library | Current library | Shelving location | Date acquired | Inventory number | Total Checkouts | Full call number | Barcode | Date last seen | Price effective from | Koha item type | Date last checked out | Total Renewals |
|---|---|---|---|---|---|---|---|---|---|---|---|---|---|---|---|---|---|---|
| NON-FICTION | AKMAL Melaka | AKMAL Melaka | PINJAMAN | 13.04.2017 | 306398 | 336.271409595 CHO | 201700127 | 13.04.2017 | 13.04.2017 | Book | ||||||||
| NON-FICTION | AKMAL Melaka | AKMAL Melaka | PINJAMAN | 13.04.2017 | 306395 | 1 | 336.271409595 CHO | 201700126 | 13.04.2018 | 13.04.2017 | Book | 08.04.2018 | ||||||
| NON-FICTION | AKMAL Melaka | AKMAL Melaka | PINJAMAN | 13.04.2017 | 306393 | 336.271409595 CHO | 201700146 | 13.04.2017 | 13.04.2017 | Book | ||||||||
| NON-FICTION | AKMAL Melaka | AKMAL Melaka | PINJAMAN | 13.04.2017 | 306396 | 336.271409595 CHO | 201700147 | 13.04.2017 | 13.04.2017 | Book | ||||||||
| NON-FICTION | AKMAL Melaka | AKMAL Melaka | PINJAMAN | 13.04.2017 | 306397 | 1 | 336.271409595 CHO | 201700148 | 16.10.2017 | 13.04.2017 | Book | 02.10.2017 | ||||||
| NON-FICTION | AKMAL Melaka | AKMAL Melaka | PINJAMAN | 13.04.2017 | 306391 | 1 | 336.271409595 CHO | 201700149 | 06.10.2017 | 13.04.2017 | Book | 18.09.2017 | ||||||
| NON-FICTION | AKMAL Melaka | AKMAL Melaka | PINJAMAN | 13.04.2017 | 306394 | 2 | 336.271409595 CHO | 201700150 | 22.04.2018 | 13.04.2017 | Book | 09.04.2018 | 1 | |||||
| NON-FICTION | AKMAL Melaka | AKMAL Melaka | PINJAMAN | 13.04.2017 | 306392 | 2 | 336.271409595 CHO | 201700151 | 12.04.2018 | 13.04.2017 | Book | 09.04.2018 | ||||||
| NON-FICTION | AKMAL Melaka | AKMAL Melaka | PINJAMAN | 13.04.2017 | 306390 | 1 | 336.271409595 CHO | 201700152 | 16.10.2017 | 13.04.2017 | Book | 03.10.2017 | ||||||
| NON-FICTION | AKMAL Melaka | AKMAL Melaka | PINJAMAN | 13.04.2017 | 306375 | 336.271409595 CHO | 201700153 | 13.04.2017 | 13.04.2017 | Book | ||||||||
| NON-FICTION | AKMAL Melaka | AKMAL Melaka | PINJAMAN | 13.04.2017 | 306399 | 1 | 336.271409595 CHO | 201700154 | 13.04.2018 | 13.04.2017 | Book | 08.04.2018 |
